000 01112nam a2200289 a 4500
005 20200104041519.0
008 140226b1998 nyu||||| |||| 00| 0 eng d
040 _aCO-BoIAVH
_cCO-BoIAVH
041 _aeng
082 0 4 _a333.9516079
_bC74a
111 2 _aConferencia de las Partes en el Convenio sobre la Diversidad Biológica
_cIV, Bratislava, Eslovaquia
_d1998
245 1 _aProgramme for change
_bdecisions from the fourth meeting of the conference of the parties to the convention on biological diversity
260 _aNueva York
_bUnited Nations Environment Programme
_c1998
300 _a179 paginas.
_c20 x 14 cm.
650 6 _aBiodiversidad
650 4 _aAgrobiodiversidad
650 4 _aConvenio sobre diversidad biológica
650 4 _aEcosistemas
650 4 _aEspecies introducidas
650 4 _aTaxonomía
650 4 _aClearing House Mechanism
650 4 _aBioseguridad
650 _aEcosistemas acuáticos
650 4 _aUso sostenible
650 _aConservación de biodiversidad
942 _cLIBRO
_2ddc
999 _c1262
_d1262